Library of the University of Algiers 3
Ibrahim Sultan Cheibout
شعار جامعة الجزائر 3
مكتبة جامعة الجزائر 3
إبراهيم سلطان شيبوط

الرياضيات بنيتها المعرفية واستراتيجيات تدريسها / (رقم التسجيلة. 44358)

تفاصيل مارك
000 -LEADER
fixed length control field 01473nam a2200217Ia 4500
003 - CONTROL NUMBER IDENTIFIER
control field Ost
005 - DATE AND TIME OF LATEST TRANSACTION
control field 20260507075409.0
008 - FIXED-LENGTH DATA ELEMENTS--GENERAL INFORMATION
fixed length control field 260507s9999||||xx |||||||||||||| ||und||
040 ## - CATALOGING SOURCE
Transcribing agency fsecg
041 ## - LANGUAGE CODE
Language code of text/sound track or separate title ara
082 ## - DEWEY DECIMAL CLASSIFICATION NUMBER
Classification number 500
100 ## - MAIN ENTRY--PERSONAL NAME
Personal name موسى، فؤاد محمد
Relator term مؤلف
245 #0 - TITLE STATEMENT
Title الرياضيات بنيتها المعرفية واستراتيجيات تدريسها /
Statement of responsibility, etc. فؤاد محمد موسى
260 ## - PUBLICATION, DISTRIBUTION, ETC.
Place of publication, distribution, etc. الإسكندرية:
Name of publisher, distributor, etc. دار ومكتبة الإسراء,
Date of publication, distribution, etc. 2005
300 ## - PHYSICAL DESCRIPTION
Extent 286 صفحة؛
Other physical details إيضاحات ؛
Dimensions 24 سم
504 ## - BIBLIOGRAPHY, ETC. NOTE
Bibliography, etc. note المراجع ص.281
520 ## - SUMMARY, ETC.
Summary, etc. يضم طبيعة الرياضيات ومحتويات مادة الرياضيات، الأهداف العامة لتدريس الرياضيات، الأهداف السلوكية لمادة الرياضيات، استراتيجيات التدريس، خطوات التدريس، استراتيجية تحقيق الهدف الأول، استراتيجية تحقيق الهدف الثاني، استراتيجية تحقيق الهدف الثالث واستراتيجية تحقيق الهدف الرابع، استراتيجية تحقيق الهدف الخامس ، استراتيجية تحقيق الهدف السادس، استراتيجية تحقيق أهداف تدريس المهارات، استراتيجية الأسئلة الشفوية
653 ## - INDEX TERM--UNCONTROLLED
Uncontrolled term الرياضيات
653 ## - INDEX TERM--UNCONTROLLED
Uncontrolled term الرياضيات- تعليم وتدريس
942 ## - ADDED ENTRY ELEMENTS (KOHA)
Koha item type كتب
المقتنيات
Withdrawn status Lost status Source of classification or shelving scheme Damaged status Not for loan Home library Current library Date acquired Serial enumeration / chronology Inventory number Total checkouts Full call number Barcode Date last seen Price effective from Koha item type
    Dewey Decimal Classification   NOT LOAN / إعارة داخلية مكتبة كلية العلوم الإقتصادية والعلوم التجارية وعلوم التسيير مكتبة كلية العلوم الإقتصادية والعلوم التجارية وعلوم التسيير 07/05/2026 الطابق الأرضي 26823   أ/4421ن1 26823 07/05/2026 07/05/2026 كتب
    Dewey Decimal Classification   Available مكتبة كلية العلوم الإقتصادية والعلوم التجارية وعلوم التسيير مكتبة كلية العلوم الإقتصادية والعلوم التجارية وعلوم التسيير 07/05/2026 الطابق الأرضي 26824   أ/4421ن2 26824 07/05/2026 07/05/2026 كتب
    Dewey Decimal Classification   Available مكتبة كلية العلوم الإقتصادية والعلوم التجارية وعلوم التسيير مكتبة كلية العلوم الإقتصادية والعلوم التجارية وعلوم التسيير 07/05/2026 الطابق الثاني 26825   أ/4421ن3 26825 07/05/2026 07/05/2026 كتب

موارد الويب المفتوحة


© University of Algiers 3 All Rights Reserved
|
Implemented by LECHELAH Riad